000 00863nam a2200277 a 4500
001 000110154
003 CHAP
005 20220329144120.0
008 140728s2013 mx |r| ||||||spa d
010 _a106616
011 _a107588
020 _a9786071203045
040 _cCHAP
082 0 4 _a371.58
_bE82
245 0 0 _aEstudio sobre violencia de género :
_bla otra cara de la Universidad Autónoma Chapingo /
_cFrancisco José Zamudio Sánchez ...[et al .].
260 _aChapingo, Méx. :
_bUACH. División de Ciencias Forestales,
_c2013.
300 _a373 p.
590 _aE11695DGD
_b10
_c20140729
_lUCH01
_h0912
590 _aE5765TAJ
_b05
_c20140728
_lUCH01
_h1139
650 1 4 _aEnfoque de género.
_936945
650 1 4 _aViolencia.
_9119891
700 0 _aZamudio Sánchez, Francisco José.
_9123569
901 _aBK
942 _cLIBRO
942 _n0
999 _c106616
_d106616